000 00493nam a22001697a 4500
005 20251108173557.0
008 250721s2006 xx 000 0 ara d
082 1 4 _aط/ق/فتو
100 1 _aأبو الفتوح، نادر
_eمؤلف
245 1 0 _aسر الحجر الأبيض /
264 1 _aالقاهره :
_bدار الياس العصرية،
_c2006.
300 _a30ص
490 0 _aملح وفلفل
650 1 7 _aالقصص العربية
942 _2ddc
_cBK
999 _c107247
_d107247